000 00522nam a2200181Ia 4500
008 100920s9999 xx 000 0 und d
082 _b8977
_a891.43 थ 56
100 _aअश्क उपेन्द्रनाथ.
245 _aचेतन.
260 _bनीलाभ प्रकाशन,प्रयाग.
_c1956
300 _a432
_bसाधी
365 _b6.75
520 _aहिंदी.
630 _aचेतन.
650 _aहिंदी.
730 _aचेतन.
942 _cBOOK
999 _c676121
_d676118